Normal view
MARC view
- Abdul Rasheed, Mian
Entry Personal Name
001 - CONTROL NUMBER
- control field: 111450
003 - CONTROL NUMBER IDENTIFIER
- control field: NUST
005 - DATE AND TIME OF LATEST TRANSACTION
- control field: 20230327120323.0
008 - FIXED-LENGTH DATA ELEMENTS
- fixed length control field: 230327|| aca||aabn | a|a d
040 ## - CATALOGING SOURCE
- Original cataloging agency: NUST
- Transcribing agency: NUST
100 ## - HEADING--PERSONAL NAME
- Personal name: Abdul Rasheed, Mian
670 ## - SOURCE DATA FOUND
- Source citation: Work cat.: (NUST): Abdul Rasheed, Mian, Kuliyat-e-Iqbal: Farsi / , 1992.
